00223nam a2200097Ia 4500008004100000041000800041082000800049100001600057245002600073260002600099231212s1976 xx 000 0 und d aeng a820 aCherevik E. aA. B. C. of Planning aMascowbMir Pubc1976